Normal view
MARC view
Entry Topical Term
001 - CONTROL NUMBER
- control field: 46689
003 - CONTROL NUMBER IDENTIFIER
- control field: OSt
005 - DATE AND TIME OF LATEST TRANSACTION
- control field: 20160316161623.0
008 - FIXED-LENGTH DATA ELEMENTS
- fixed length control field: 160316|| aca||aabn | a|a d
040 ## - CATALOGING SOURCE
- Original cataloging agency: OSt
- Transcribing agency: OSt
150 ## - HEADING--TOPICAL TERM
- Topical term or geographic name entry element: Biography
670 ## - SOURCE DATA FOUND
- Source citation: Work cat.: (OSt)26787: भार्गव जी. एस 46687, मोरारजी देसाई भारत के प्रधान मंत्री , 1978









